IFM Opac

The National Industrial Fuel Efficiency ServiceLtd. Fuel Economy Handbook (Record no. 16504)

MARC details
000 -LEADER
fixed length control field 00505nam a22001337a 4500
020 ## - INTERNATIONAL STANDARD BOOK NUMBER
International Standard Book Number 0 86010 005 7
082 ## - DEWEY DECIMAL CLASSIFICATION NUMBER
Classification number 658.26 NAT
100 ## - MAIN ENTRY--PERSONAL NAME
Personal name The NATIONAL Industrial Fuel Efficiency ServiceLtd. Fuel Economy Handbook
245 ## - TITLE STATEMENT
Title The National Industrial Fuel Efficiency ServiceLtd. Fuel Economy Handbook
260 ## - PUBLICATION, DISTRIBUTION, ETC.
Place of publication, distribution, etc. London
Name of publisher, distributor, etc. Graham Trotman Dudley Publishers Ltd.
Date of publication, distribution, etc. 1974
300 ## - PHYSICAL DESCRIPTION
Extent 10-29Pg.
Other physical details ill.; 21cm
650 ## - SUBJECT ADDED ENTRY--TOPICAL TERM
Topical term or geographic name entry element The National Industrial Fuel Efficiency ServiceLtd. Fuel Economy Handboo
942 ## - ADDED ENTRY ELEMENTS (KOHA)
Koha item type Books
Holdings
Withdrawn status Lost status Damaged status Not for loan Home library Current library Shelving location Date acquired Total Checkouts Full call number Barcode Date last seen Price effective from Koha item type
        IFM Main Campus Library IFM Main Campus Library Archival Collection 09/29/2016   658.26 NAT 0000013092 09/29/2016 02/19/2022 Books